000 00200nam a22000857a 4500
008 170526b xxu||||| |||| 00| 0 eng d
100 _93114
_aNCERT
245 _aMarrigold
260 _aNew Delhi
_bNCERT
_c2008
999 _c6401
_d6401